[Event "Lasker 150th Birthday Blitz"]
[Site "Berlin"]
[Date "2018.04.28"]
[Round "1"]
[White "Fridman, Daniel"]
[Black "Hansch, Torsten"]
[Result "1-0"]
[WhiteElo "2639"]
[BlackElo "2120"]
[PlyCount "59"]
[EventDate "2018.04.28"]
[EventType "swiss (blitz)"]
[EventRounds "8"]
[EventCountry "GER"]
[SourceTitle "Mega2018 Update 28"]
[Source "Chessbase"]
[SourceDate "2018.05.04"]
[SourceVersion "1"]
[SourceVersionDate "2018.05.04"]
[SourceQuality "1"]

1. d4 d5 2. Nf3 Nf6 3. c4 e6 4. g3 Be7 5. Bg2 O-O 6. Qc2 c6 7. O-O Nbd7 8. Rd1 b6 9. b3 Bb7 10. Nc3 Rc8 11. e4 Qc7 12. Bf4 Qd8 13. Rac1 Nh5 14. Be3 Qc7 15. e5 g6 16. Qd2 Qb8 17. cxd5 cxd5 18. Qb2 Ng7 19. g4 f6 20. exf6 Bxf6 21. Qd2 Be7 22. Bg5 Bd6 23. h3 Rf7 24. Nb5 Rcf8 25. Nxd6 Qxd6 26. Qe3 h5 27. Bh4 hxg4 28. hxg4 Nf6 29. Ne5 Ne4 30. f3 1-0

[Event "Lasker 150th Birthday Blitz"]
[Site "Berlin"]
[Date "2018.04.28"]
[Round "1"]
[White "Jacobs, Florian"]
[Black "Piorun, Kacper"]
[Result "0-1"]
[WhiteElo "2235"]
[BlackElo "2642"]
[PlyCount "52"]
[EventDate "2018.04.28"]
[EventType "swiss (blitz)"]
[EventRounds "8"]
[EventCountry "GER"]
[SourceTitle "Mega2018 Update 28"]
[Source "Chessbase"]
[SourceDate "2018.05.04"]
[SourceVersion "1"]
[SourceVersionDate "2018.05.04"]
[SourceQuality "1"]

1. d4 g6 2. e4 Bg7 3. c4 d6 4. Nc3 e5 5. Be3 Nc6 6. d5 Nce7 7. g4 Nf6 8. f3 c6 9. Qd2 cxd5 10. cxd5 a6 11. h4 h5 12. g5 Nd7 13. Bh3 b5 14. Nge2 Nb6 15. b3 O-O 16. Bxc8 Rxc8 17. a4 bxa4 18. Nxa4 Nxa4 19. Rxa4 Rb8 20. b4 f6 21. O-O Qc8 22. Kh2 f5 23. Rc1 Qb7 24. Rca1 fxe4 25. fxe4 Qd7 26. Rg1 Qxa4 0-1

[Event "Lasker 150th Birthday Blitz"]
[Site "Berlin"]
[Date "2018.04.28"]
[Round "1"]
[White "Gottas, Mike"]
[Black "Tomashevsky, Evgeny"]
[Result "0-1"]
[WhiteElo "2108"]
[BlackElo "2714"]
[PlyCount "36"]
[EventDate "2018.04.28"]
[EventType "swiss (blitz)"]
[EventRounds "8"]
[EventCountry "GER"]
[SourceTitle "Mega2018 Update 28"]
[Source "Chessbase"]
[SourceDate "2018.05.04"]
[SourceVersion "1"]
[SourceVersionDate "2018.05.04"]
[SourceQuality "1"]

1. d4 Nf6 2. Nf3 g6 3. g3 Bg7 4. Bg2 O-O 5. O-O d6 6. b3 a5 7. c4 a4 8. Ba3 Nbd7 9. Nc3 e5 10. dxe5 Ng4 11. Nxa4 Ndxe5 12. Nxe5 Nxe5 13. Bb2 Qe7 14. Nc3 c6 15. Qd2 Be6 16. Rfd1 Rfd8 17. Rac1 h5 18. h3 Kh7 0-1

[Event "Lasker 150th Birthday Blitz"]
[Site "Berlin"]
[Date "2018.04.28"]
[Round "1.5"]
[White "Bindrich, Falko"]
[Black "Shpati, Ted"]
[Result "1-0"]
[WhiteElo "2588"]
[BlackElo "2081"]
[Annotator "TA"]
[PlyCount "61"]
[EventDate "2018.04.28"]
[EventType "swiss (blitz)"]
[EventRounds "8"]
[EventCountry "GER"]
[SourceTitle "playchess.com"]
[Source "ChessBase"]
[SourceQuality "1"]

{[%evp 22,61,0,0,20,6,8,-6,0,0,0,0,0,0,0,-9,29,31,81,83,118,100,105,97,271,270,552,410,400,381,591,593,593,552,654,652,806,782,1060,1060,1195,1116]} 1. d4 Nf6 2. c4 e6 3. Nc3 d5 4. cxd5 exd5 5. Bg5 c6 6. e3 Bf5 7. Bd3 Bxd3 8. Qxd3 Nbd7 9. Nf3 h6 10. Bh4 Be7 11. O-O O-O 12. Rab1 {LiveBook: 28 Games} Ne4 {D35: Queen's Gambit Declined: Exchange Variation} (12... a5 13. a3 Re8 14. Qc2 Nb6 15. Rfe1 Nc4 16. Bxf6 Bxf6 17. e4 dxe4 18. Nxe4 Nd6 19. Nxf6+ Qxf6 20. Re5 Rxe5 21. dxe5 {½-½ (35) Vazquez Igarza,R (2557)-Alsina Leal,D (2515) San Sebastian 2013}) 13. Nxe4 {[#] Black must now prevent Bxe7.} Bxh4 14. Nc3 Be7 {The position is equal.} 15. b4 a6 16. a4 {[%cal Ba2a4,Ba4a5][%mdl 32]} Nb6 $146 ({Predecessor:} 16... b5 17. a5 Nf6 18. Ne5 Rc8 19. Qf5 Bd6 20. Nd3 {1-0 (28) Milosavljevic,J (2068)-Juric Cvitanovic,A Stobrec 2007}) 17. Ne5 Bd6 18. f4 Bxe5 19. fxe5 Qe7 {[#]} 20. a5 $1 {[%cal Ra5b6]} Nd7 21. e4 dxe4 22. Nxe4 Rfd8 $2 (22... f6 $16) 23. Nd6 $18 f6 $2 (23... Qe6 {might work better.} 24. Nxb7 (24. Rxf7 Nxe5 25. Qe3 Qg6 $15) 24... Rf8) 24. Qc4+ Kh7 25. Nxb7 fxe5 (25... Nxe5 $142 26. dxe5 Qxb7 27. exf6 Rf8 28. fxg7 Kxg7) 26. Nxd8 {White is clearly winning.} Rxd8 27. Rbe1 e4 28. Rf7 Qd6 29. Rxe4 Nf6 30. Re6 Qf4 31. Rexf6 {Precision: White = 85%, Black = 24%.} 1-0

[Event "Lasker 150th Birthday Blitz"]
[Site "Berlin"]
[Date "2018.04.28"]
[Round "2"]
[White "Bindrich, Falko"]
[Black "Dobrev, Nayden"]
[Result "1-0"]
[WhiteElo "2588"]
[BlackElo "2333"]
[PlyCount "157"]
[EventDate "2018.04.28"]
[EventType "swiss (blitz)"]
[EventRounds "8"]
[EventCountry "GER"]
[SourceTitle "Mega2018 Update 28"]
[Source "Chessbase"]
[SourceDate "2018.05.04"]
[SourceVersion "1"]
[SourceVersionDate "2018.05.04"]
[SourceQuality "1"]

1. d4 Nf6 2. c4 d6 3. Nf3 g6 4. g3 Bg7 5. Bg2 O-O 6. Nc3 Bf5 7. Nh4 Bc8 8. O-O c6 9. Nf3 Bf5 10. b3 Ne4 11. Bb2 Nxc3 12. Bxc3 Be4 13. Re1 c5 14. Qd2 Nc6 15. d5 Bxf3 16. Bxg7 Kxg7 17. Bxf3 Ne5 18. Bg2 a6 19. a4 Qb6 20. f4 Nd7 21. Qb2+ Kg8 22. a5 Qc7 23. e4 b5 24. axb6 Qxb6 25. Bh3 Nf6 26. e5 Nh5 27. Bg4 Ng7 28. Re3 a5 29. Ra4 Rfb8 30. Qc3 Qc7 31. Kg2 Rb4 32. Ra3 Rab8 33. Qe1 Qb6 34. h4 h5 35. Bh3 a4 36. Rxa4 Rxa4 37. bxa4 Qb2+ 38. Re2 Qd4 39. Qc1 Rb3 40. Qc2 Rc3 41. Qe4 Rxc4 42. Qxd4 cxd4 43. exd6 exd6 44. Bd7 Rc7 45. Bc6 Nf5 46. Rd2 Kf8 47. Kf3 Ke7 48. a5 Ra7 49. Ra2 Kd8 50. a6 Kc7 51. Bb7 Kb6 52. Rb2+ Kc5 53. Rc2+ Kb4 54. Rc7 d3 55. Rxf7 Kc3 56. Rc7+ Kd4 57. Kf2 Nxg3 58. Rc1 Ne4+ 59. Kf3 Nd2+ 60. Kf2 Nb3 61. Rg1 Kc3 62. Rxg6 d2 63. Rg1 Kc2 64. f5 d1=Q 65. Rxd1 Kxd1 66. f6 Nc5 67. f7 Nd7 68. Ke3 Ke1 69. Kf4 Kf2 70. Kg5 Kg3 71. Kxh5 Kf4 72. Kg6 Kg4 73. h5 Ne5+ 74. Kg7 Nxf7 75. Kxf7 Kxh5 76. Ke7 Kg5 77. Kxd6 Kf6 78. Kc7 Ke5 79. d6 1-0

[Event "Lasker 150th Birthday Blitz"]
[Site "Berlin"]
[Date "2018.04.28"]
[Round "2"]
[White "Chatzidakis, Michail"]
[Black "Fridman, Daniel"]
[Result "0-1"]
[WhiteElo "2341"]
[BlackElo "2639"]
[PlyCount "86"]
[EventDate "2018.04.28"]
[EventType "swiss (blitz)"]
[EventRounds "8"]
[EventCountry "GER"]
[SourceTitle "Mega2018 Update 28"]
[Source "Chessbase"]
[SourceDate "2018.05.04"]
[SourceVersion "1"]
[SourceVersionDate "2018.05.04"]
[SourceQuality "1"]

1. e4 c6 2. Nf3 d5 3. exd5 cxd5 4. Ne5 Nf6 5. d4 g6 6. Bd3 Bg7 7. O-O O-O 8. c3 Nc6 9. f4 Bf5 10. Qf3 Qb6 11. Kh1 Be4 12. Qh3 e6 13. Nd2 Bxd3 14. Qxd3 Ne7 15. g4 Rad8 16. h3 Nc8 17. Nb3 Qc7 18. f5 exf5 19. gxf5 Ne4 20. Bf4 Ncd6 21. Bh2 Qe7 22. fxg6 fxg6 23. Qe2 Qh4 24. Qg4 Rxf1+ 25. Rxf1 Nf2+ 26. Rxf2 Qxf2 27. Qe6+ Kh8 28. Nxg6+ hxg6 29. Bxd6 Qf6 30. Qxf6 Bxf6 31. Bf4 Rf8 32. Bg3 b6 33. Kg2 Bg5 34. Na1 Re8 35. Kf3 Re3+ 36. Kf2 Rd3 37. Nb3 Kg8 38. h4 Bd8 39. a4 a5 40. Nc1 Rd2+ 41. Kf3 Rxb2 42. Nd3 Rc2 43. Be1 Bc7 0-1

[Event "Lasker 150th Birthday Blitz"]
[Site "Berlin"]
[Date "2018.04.28"]
[Round "2.6"]
[White "Ginsburg, Gennadi"]
[Black "Buhmann, Rainer"]
[Result "0-1"]
[WhiteElo "2428"]
[BlackElo "2589"]
[Annotator "TA"]
[PlyCount "37"]
[EventDate "2018.04.28"]
[EventType "swiss (blitz)"]
[EventRounds "8"]
[EventCountry "GER"]
[SourceTitle "playchess.com"]
[Source "ChessBase"]
[SourceQuality "1"]

{[%evp 9,37,-21,91,-33,79,-39,136,0,456,-2,320,-28,348,135,409,57,472,-56,584,-116,798,0,732,19,706,143,803,120,671,0]} 1. e4 {[%cal Be2e4,Be4d5][%mdl 32]} e6 2. Nc3 Nf6 3. d4 d5 4. exd5 c6 $146 ({Predecessor:} 4... exd5 5. Bg5 Be7 6. Bd3 Nc6 7. Nge2 Nb4 8. Bb5+ c6 9. Ba4 O-O 10. O-O h6 11. Bxf6 Bxf6 12. Ng3 a5 13. a3 Na6 14. Nce2 g6 15. c3 Qd6 {0-1 (56) Harikrishna,P (2753)-Wang,H (2717) Huaian 2016}) 5. Nge2 Bd6 (5... cxd5 $11 {keeps the balance.} 6. g3 Nc6) 6. Bg5 {C11: French: Classical System: 4 e5 and 4 Bg5 dxe4} (6. dxe6 $16 Bxe6 7. Nf4) 6... h6 (6... exd5 $15 7. Ng3 O-O) 7. Bh4 (7. Bxf6 $1 $16 Qxf6 8. Ne4) 7... Nbd7 $2 {[#]} (7... exd5 $15 8. Nc1 O-O) 8. Bg3 (8. dxe6 $16 fxe6 9. Bg3 Bxg3 10. Nxg3 (10. hxg3 e5 $16)) 8... O-O $2 {[%mdl 8192]} (8... Bxg3 $11 9. Nxg3 cxd5) 9. Qd2 $2 (9. Bxd6 $18 Re8 10. dxc6 bxc6 11. Ng3) 9... Re8 $2 {[%mdl 8192]} (9... Bxg3 $11 {and Black has nothing to worry.} 10. Nxg3 exd5) 10. a3 $2 (10. Bxd6 $18 exd5 11. b3) 10... g5 $2 {[%mdl 8192]} (10... Bxg3 $11 {and Black is okay.} 11. Nxg3 exd5+ 12. Be2 Nf8) 11. Z0 $2 ({Don't take} 11. Bxd6 Nb6) (11. dxc6 $18 {and White stays clearly on top.} Nb6 12. h4) 11... Nh5 $2 {[%mdl 8192]} (11... Nb6 $16) 12. Z0 $2 ({White should play} 12. Bxd6 $18 Nb6 13. h4) 12... Kg7 $2 {[%mdl 8192]} (12... Nxg3 $14 13. hxg3 exd5) 13. b4 $2 (13. Bxd6 $18 Nb6 14. Be5+ f6 15. h4) 13... Re7 $2 {[%mdl 8192]} (13... Nxg3 $15 {keeps the upper hand.} 14. Nxg3 exd5+ 15. Be2 Nf6) 14. a4 $2 ({White must play} 14. Bxd6 $18 exd5 15. Bxe7 Qxe7 16. g4) 14... Kf8 $2 {[%mdl 8192]} (14... Nxg3 $17 15. Nxg3 Nf6) 15. h4 $2 (15. Bxd6 $18 Nb6 16. Bxe7+ Qxe7 {[#]} 17. d6 $1 {[%mdl 512]}) 15... Kg7 $2 {[%mdl 8192]} ({Don't play} 15... Bxb4 $6 16. d6 $16) (15... Nxg3 $11 16. fxg3 exd5) 16. b5 $2 (16. Bxd6 $18 g4 17. dxc6 bxc6 18. f3) 16... cxb5 $2 {[%mdl 8192]} (16... Nxg3 $11 17. fxg3 exd5) 17. axb5 $2 (17. Bxd6 $18 g4 18. Bxe7 Qxe7 19. dxe6 Qxe6 20. d5) 17... b6 $2 {[%mdl 8192]} (17... Nxg3 $16 18. Nxg3 g4) 18. Z0 $2 (18. Bxd6 $18 {is the precise move to win.} g4 19. Bxe7 Qxe7 20. dxe6 Qxe6 21. g3) 18... g4 $2 {[%mdl 8192]} (18... Nxg3 $16 19. Nxg3 Qc7) 19. Z0 $2 {[%mdl 32768] Precision: White =  0%, Black =  0%. . Loss on Time!?} ({White has to play} 19. Bxd6 $18 Re8 20. Nf4 Nxf4 21. Bxf4) 0-1

[Event "Lasker 150th Birthday Blitz"]
[Site "Berlin"]
[Date "2018.04.28"]
[Round "3"]
[White "Van Foreest, Jorden"]
[Black "Baldauf, Marco"]
[Result "0-1"]
[WhiteElo "2631"]
[BlackElo "2481"]
[PlyCount "66"]
[EventDate "2018.04.28"]
[EventType "swiss (blitz)"]
[EventRounds "8"]
[EventCountry "GER"]
[SourceTitle "Mega2018 Update 28"]
[Source "Chessbase"]
[SourceDate "2018.05.04"]
[SourceVersion "1"]
[SourceVersionDate "2018.05.04"]
[SourceQuality "1"]

1. d4 d5 2. c4 c6 3. Nc3 Nf6 4. e3 g6 5. Nf3 Bg7 6. Be2 O-O 7. O-O e6 8. Qc2 b6 9. e4 dxe4 10. Nxe4 Nxe4 11. Qxe4 Bb7 12. Bg5 Qc8 13. Qh4 Nd7 14. Rad1 Re8 15. Rfe1 c5 16. Bh6 Nf6 17. Bxg7 Kxg7 18. Ne5 Qc7 19. Qf4 Rad8 20. dxc5 Qxc5 21. Rxd8 Rxd8 22. Rd1 Rxd1+ 23. Bxd1 Qb4 24. Nd3 Qa5 25. Qe5 Qd2 26. Qe2 Qg5 27. f3 Qa5 28. Qe5 Qxa2 29. g4 Qxc4 30. g5 Qxd3 31. gxf6+ Kh6 32. Be2 Qf5 33. Qg3 Qxf6 0-1

[Event "Lasker 150th Birthday Blitz"]
[Site "Berlin"]
[Date "2018.04.28"]
[Round "3"]
[White "Postny, Evgeny"]
[Black "Beerdsen, Thomas"]
[Result "1-0"]
[WhiteElo "2575"]
[BlackElo "2447"]
[PlyCount "89"]
[EventDate "2018.04.28"]
[EventType "swiss (blitz)"]
[EventRounds "8"]
[EventCountry "GER"]
[SourceTitle "Mega2018 Update 28"]
[Source "Chessbase"]
[SourceDate "2018.05.04"]
[SourceVersion "1"]
[SourceVersionDate "2018.05.04"]
[SourceQuality "1"]

1. d4 e6 2. c4 b6 3. e4 Bb7 4. Bd3 Nc6 5. Ne2 g6 6. Nbc3 Bg7 7. Be3 Nge7 8. O-O O-O 9. Qd2 d5 10. cxd5 exd5 11. e5 f6 12. f4 Kh8 13. Rad1 Qd7 14. Kh1 Rad8 15. Bc2 Na5 16. b3 Nac6 17. Bg1 Ba6 18. Rfe1 Bh6 19. Bd3 Bb7 20. Qb2 fxe5 21. dxe5 Bg7 22. Bc2 a6 23. Ne4 Qf5 24. Nd6 cxd6 25. Bxf5 Nxf5 26. Bxb6 Rde8 27. Ng1 dxe5 28. fxe5 Nxe5 29. Qd2 d4 30. Nh3 Ng4 31. Nf4 Nfe3 32. Bxd4 Rxf4 33. Bxg7+ Kxg7 34. Qd7+ Rf7 35. Qxe8 Nxg2 36. Kg1 Nf4 37. Qxf7+ Kxf7 38. Rd7+ Kf6 39. Rxb7 h5 40. Rb6+ Kg5 41. Rxa6 Nd3 42. Rd1 Nf4 43. a4 Nh3+ 44. Kf1 Ne3+ 45. Ke2 1-0

[Event "Lasker 150th Birthday Blitz"]
[Site "Berlin"]
[Date "2018.04.28"]
[Round "3"]
[White "Wagner, Dennis"]
[Black "Fridman, Daniel"]
[Result "0-1"]
[WhiteElo "2550"]
[BlackElo "2639"]
[PlyCount "57"]
[EventDate "2018.04.28"]
[EventType "swiss (blitz)"]
[EventRounds "8"]
[EventCountry "GER"]
[SourceTitle "Mega2018 Update 28"]
[Source "Chessbase"]
[SourceDate "2018.05.04"]
[SourceVersion "1"]
[SourceVersionDate "2018.05.04"]
[SourceQuality "1"]

1. Nf3 d5 2. g3 Nf6 3. Bg2 e6 4. O-O c5 5. c4 d4 6. e3 Nc6 7. exd4 cxd4 8. d3 Bd6 9. Bg5 h6 10. Bxf6 Qxf6 11. Nbd2 Qe7 12. Ne4 Bc7 13. Re1 O-O 14. a3 a5 15. Rc1 Bd7 16. c5 Rfd8 17. Qb3 Be8 18. Nfd2 a4 19. Qa2 Ne5 20. Qb1 Bb5 21. Bf1 f5 22. Nd6 Bxd6 23. cxd6 Qxd6 24. b3 Bc6 25. bxa4 Rxa4 26. Qb6 Ra6 27. Qb4 Qd5 28. Rxc6 Nxc6 29. Qxb7 0-1

[Event "Lasker 150th Birthday Blitz"]
[Site "Berlin"]
[Date "2018.04.28"]
[Round "3"]
[White "Olszewski, Michal"]
[Black "Shirov, Alexei"]
[Result "0-1"]
[WhiteElo "2538"]
[BlackElo "2644"]
[PlyCount "80"]
[EventDate "2018.04.28"]
[EventType "swiss (blitz)"]
[EventRounds "8"]
[EventCountry "GER"]
[SourceTitle "Mega2018 Update 28"]
[Source "Chessbase"]
[SourceDate "2018.05.04"]
[SourceVersion "1"]
[SourceVersionDate "2018.05.04"]
[SourceQuality "1"]

1. e4 e5 2. Nf3 Nc6 3. Bb5 a6 4. Ba4 Nf6 5. Qe2 b5 6. Bb3 Bc5 7. c3 d6 8. O-O O-O 9. Rd1 Qe7 10. d3 Bb6 11. h3 Be6 12. Nbd2 Nh5 13. Nf1 Bxb3 14. axb3 f5 15. exf5 Rxf5 16. Qe4 Qd7 17. Be3 Nf6 18. Qh4 a5 19. Ng3 Rxf3 20. gxf3 Rf8 21. Kf1 Nd5 22. Ke2 Nce7 23. Rg1 Ng6 24. Qg4 Qf7 25. Ne4 Nxe3 26. fxe3 Qxb3 27. h4 Qxb2+ 28. Nd2 Qxc3 29. h5 Qc5 30. d4 exd4 31. hxg6 d3+ 32. Kd1 h6 33. Qe6+ Kh8 34. Qe7 Rg8 35. Rh1 Qxe3 36. Qxe3 Bxe3 37. Rxa5 c6 38. Ne4 d5 39. Nd6 Rb8 40. Ra7 Bxa7 0-1

[Event "Lasker 150th Birthday Blitz"]
[Site "Berlin"]
[Date "2018.04.28"]
[Round "3"]
[White "Beerdsen, Thomas"]
[Black "Postny, Evgeny"]
[Result "0-1"]
[WhiteElo "2447"]
[BlackElo "2575"]
[PlyCount "88"]
[EventDate "2018.04.28"]
[EventType "swiss (blitz)"]
[EventRounds "8"]
[EventCountry "GER"]
[SourceTitle "Mega2018 Update 28"]
[Source "Chessbase"]
[SourceDate "2018.05.04"]
[SourceVersion "1"]
[SourceVersionDate "2018.05.04"]
[SourceQuality "1"]

1. e4 e5 2. Nf3 Nc6 3. Nc3 Nf6 4. a3 g6 5. Bc4 Bg7 6. d3 d6 7. Bg5 Be6 8. Qd2 h6 9. Be3 Qd7 10. O-O-O Ng4 11. Nd5 Nxe3 12. fxe3 O-O 13. h4 Rab8 14. h5 g5 15. Qf2 Bxd5 16. Bxd5 Ne7 17. Bb3 Kh7 18. Rdf1 d5 19. exd5 Nxd5 20. Nxg5+ hxg5 21. h6 Bh8 22. Bxd5 f5 23. Bb3 Rf6 24. Qg3 Rg6 25. Qf3 Rf6 26. g4 e4 27. dxe4 fxg4 28. Qg2 Rbf8 29. Rxf6 Bxf6 30. e5 Bxe5 31. Qxb7 g3 32. Bc4 Qg4 33. Qd5 Bd6 34. Bd3+ Kh8 35. Kb1 Qf3 36. Qd4+ Qf6 37. Qe4 Qe7 38. Qg6 Rf6 39. Qh5 Qxe3 40. h7 g2 41. Rd1 g1=R 42. Rxg1 Qxg1+ 43. Ka2 Qe3 44. Qg4 Qe6+ 0-1

[Event "Lasker 150th Birthday Blitz"]
[Site "Berlin"]
[Date "2018.04.28"]
[Round "3"]
[White "Souleidis, Georgios"]
[Black "Buhmann, Rainer"]
[Result "0-1"]
[WhiteElo "2410"]
[BlackElo "2589"]
[PlyCount "54"]
[EventDate "2018.04.28"]
[EventType "swiss (blitz)"]
[EventRounds "8"]
[EventCountry "GER"]
[SourceTitle "Mega2018 Update 28"]
[Source "Chessbase"]
[SourceDate "2018.05.04"]
[SourceVersion "1"]
[SourceVersionDate "2018.05.04"]
[SourceQuality "1"]

1. e4 e6 2. d4 d5 3. Bd3 dxe4 4. Bxe4 Nf6 5. Bf3 c5 6. Ne2 Nc6 7. Be3 cxd4 8. Nxd4 Ne5 9. Nc3 Bb4 10. Ndb5 Bd7 11. Nd6+ Bxd6 12. Qxd6 Nxf3+ 13. gxf3 Bc6 14. Qg3 O-O 15. Rg1 g6 16. Bg5 Nh5 17. Qh4 f6 18. Bh6 Ng7 19. Rd1 Qb6 20. Qd4 Qxd4 21. Rxd4 Nf5 22. Bxf8 Nxd4 23. Bc5 Nxf3+ 24. Kf1 Nxg1 25. Kxg1 b6 26. Be3 e5 27. Kf1 Kf7 0-1

[Event "Lasker 150th Birthday Blitz"]
[Site "Berlin"]
[Date "2018.04.28"]
[Round "4"]
[White "Van Wely, Loek"]
[Black "Buhmann, Rainer"]
[Result "1/2-1/2"]
[WhiteElo "2670"]
[BlackElo "2589"]
[PlyCount "55"]
[EventDate "2018.04.28"]
[EventType "swiss (blitz)"]
[EventRounds "8"]
[EventCountry "GER"]
[SourceTitle "Mega2018 Update 28"]
[Source "Chessbase"]
[SourceDate "2018.05.04"]
[SourceVersion "1"]
[SourceVersionDate "2018.05.04"]
[SourceQuality "1"]

1. c4 e6 2. Nf3 d5 3. d4 Nf6 4. Nc3 c6 5. Bg5 Nbd7 6. cxd5 exd5 7. e3 h6 8. Bh4 g5 9. Bg3 Nh5 10. Bd3 Nxg3 11. hxg3 Bg7 12. Qc2 Qe7 13. O-O-O Nb6 14. Kb1 Be6 15. Ne5 O-O-O 16. f4 Kb8 17. Rhe1 h5 18. e4 gxf4 19. gxf4 Bxe5 20. fxe5 Rhg8 21. a3 Rg3 22. Rd2 h4 23. exd5 Bxd5 24. Ne4 Bxe4 25. Bxe4 Rg4 26. Rf1 Nd5 27. Rf3 Nc7 28. Rdf2 1/2-1/2

[Event "Lasker 150th Birthday Blitz"]
[Site "Berlin"]
[Date "2018.04.28"]
[Round "4"]
[White "Grandelius, Nils"]
[Black "Schroeder, Jan Christian"]
[Result "1/2-1/2"]
[WhiteElo "2652"]
[BlackElo "2555"]
[PlyCount "49"]
[EventDate "2018.04.28"]
[EventType "swiss (blitz)"]
[EventRounds "8"]
[EventCountry "GER"]
[SourceTitle "Mega2018 Update 28"]
[Source "Chessbase"]
[SourceDate "2018.05.04"]
[SourceVersion "1"]
[SourceVersionDate "2018.05.04"]
[SourceQuality "1"]

1. c4 e6 2. g3 Nf6 3. Bg2 d5 4. d4 Be7 5. Nf3 O-O 6. Qc2 c5 7. O-O cxd4 8. Nxd4 e5 9. Nf5 d4 10. Nxe7+ Qxe7 11. b4 Be6 12. b5 Rc8 13. Ba3 Qd7 14. Nd2 a6 15. Qb2 axb5 16. Bc5 Bd5 17. Nf3 Qe8 18. Bd6 Nbd7 19. a4 Qe6 20. Bb4 Nb6 21. a5 Nxc4 22. Qb1 Bxf3 23. Bxf3 e4 24. Bg2 Qe5 25. Rd1 1/2-1/2

[Event "Lasker 150th Birthday Blitz"]
[Site "Berlin"]
[Date "2018.04.28"]
[Round "4"]
[White "Shirov, Alexei"]
[Black "Meier, Georg"]
[Result "1/2-1/2"]
[WhiteElo "2644"]
[BlackElo "2636"]
[PlyCount "71"]
[EventDate "2018.04.28"]
[EventType "swiss (blitz)"]
[EventRounds "8"]
[EventCountry "GER"]
[SourceTitle "Mega2018 Update 28"]
[Source "Chessbase"]
[SourceDate "2018.05.04"]
[SourceVersion "1"]
[SourceVersionDate "2018.05.04"]
[SourceQuality "1"]

1. e4 e6 2. d4 d5 3. Nc3 dxe4 4. Nxe4 Nd7 5. g4 Rb8 6. Bg2 b5 7. Nf3 Bb7 8. Qe2 a6 9. O-O Ngf6 10. Nxf6+ Nxf6 11. g5 Nd7 12. a4 Bd6 13. axb5 axb5 14. Ne5 Bxg2 15. Kxg2 Bxe5 16. dxe5 O-O 17. Qe4 Nb6 18. Be3 Qd5 19. Qxd5 Nxd5 20. Bc5 Rfd8 21. Ra7 h6 22. gxh6 gxh6 23. f4 Ra8 24. Rxa8 Rxa8 25. Kf3 Ra2 26. Rb1 Ra4 27. Be3 Rc4 28. Rc1 Ra4 29. b3 Ra2 30. c4 Nxe3 31. Kxe3 Rxh2 32. Rb1 Rh3+ 33. Ke4 Rc3 34. Kd4 Rf3 35. Ke4 Rc3 36. Kd4 1/2-1/2

[Event "Lasker 150th Birthday Blitz"]
[Site "Berlin"]
[Date "2018.04.28"]
[Round "4"]
[White "Volokitin, Andrei"]
[Black "Carlstedt, Jonathan"]
[Result "1-0"]
[WhiteElo "2632"]
[BlackElo "2432"]
[PlyCount "99"]
[EventDate "2018.04.28"]
[EventType "swiss (blitz)"]
[EventRounds "8"]
[EventCountry "GER"]
[SourceTitle "Mega2018 Update 28"]
[Source "Chessbase"]
[SourceDate "2018.05.04"]
[SourceVersion "1"]
[SourceVersionDate "2018.05.04"]
[SourceQuality "1"]

1. e4 e5 2. Nf3 Nc6 3. Bc4 Bc5 4. O-O Nf6 5. d3 d6 6. c3 a6 7. Re1 Ba7 8. Bb3 Qe7 9. Nbd2 Be6 10. Bc2 h6 11. Nf1 g5 12. d4 Bg4 13. Ne3 Bxf3 14. Qxf3 exd4 15. Nf5 Qd8 16. e5 dxe5 17. cxd4 Bxd4 18. Ba4 Kf8 19. Bxc6 bxc6 20. Qxc6 Rb8 21. Qxa6 Rb6 22. Qa3+ Kg8 23. Nxd4 exd4 24. Qd3 Kg7 25. b3 c5 26. Bd2 Rd6 27. a4 Nd5 28. a5 Qd7 29. a6 Ra8 30. Ra5 Nc7 31. a7 Ne6 32. Rea1 Qc6 33. h3 Qb7 34. Qc4 Rb6 35. R1a3 Kg8 36. Ra6 Kg7 37. Rxb6 Qxb6 38. Qa6 Qxa6 39. Rxa6 Nc7 40. Ra5 Kf6 41. Kf1 Ke6 42. Ke2 Kd6 43. Kd3 Kc6 44. b4 cxb4 45. Bxb4 Kb6 46. Kxd4 Ne6+ 47. Ke5 Rxa7 48. Rxa7 Kxa7 49. Bd2 Nc5 50. Be3 1-0

[Event "Lasker 150th Birthday Blitz"]
[Site "Berlin"]
[Date "2018.04.28"]
[Round "4"]
[White "Svane, Rasmus"]
[Black "Van Foreest, Jorden"]
[Result "1/2-1/2"]
[WhiteElo "2587"]
[BlackElo "2631"]
[PlyCount "61"]
[EventDate "2018.04.28"]
[EventType "swiss (blitz)"]
[EventRounds "8"]
[EventCountry "GER"]
[SourceTitle "Mega2018 Update 28"]
[Source "Chessbase"]
[SourceDate "2018.05.04"]
[SourceVersion "1"]
[SourceVersionDate "2018.05.04"]
[SourceQuality "1"]

1. d4 Nf6 2. Nf3 g6 3. g3 Bg7 4. Bg2 O-O 5. O-O d6 6. b3 a5 7. c4 a4 8. Ba3 Nbd7 9. Nc3 e5 10. dxe5 Ng4 11. Nxa4 Ndxe5 12. Nxe5 Nxe5 13. Bb2 Qe7 14. Nc3 c6 15. Qd2 Be6 16. Rfd1 Rfd8 17. Rac1 h5 18. h3 Kh7 19. a4 Kg8 20. f4 Nd7 21. Ne4 Bxb2 22. Qxb2 Bxh3 23. Bf3 Bg4 24. Rxd6 Bf5 25. Rxd7 Bxd7 26. Nf6+ Kf8 27. Nh7+ Kg8 28. Nf6+ Kf8 29. Nh7+ Kg8 30. Nf6+ Kf8 31. Nh7+ 1/2-1/2

[Event "Lasker 150th Birthday Blitz"]
[Site "Berlin"]
[Date "2018.04.28"]
[Round "4"]
[White "Schroeder, Jan Christian"]
[Black "Grandelius, Nils"]
[Result "0-1"]
[WhiteElo "2555"]
[BlackElo "2652"]
[PlyCount "65"]
[EventDate "2018.04.28"]
[EventType "swiss (blitz)"]
[EventRounds "8"]
[EventCountry "GER"]
[SourceTitle "Mega2018 Update 28"]
[Source "Chessbase"]
[SourceDate "2018.05.04"]
[SourceVersion "1"]
[SourceVersionDate "2018.05.04"]
[SourceQuality "1"]

1. e4 c5 2. Nf3 Nf6 3. Nc3 d5 4. exd5 Nxd5 5. Bc4 Nb6 6. Bb5+ Bd7 7. d4 cxd4 8. Nxd4 g6 9. Qf3 Bg7 10. Be3 O-O 11. Qxb7 Bc8 12. Qe4 f5 13. Qd3 f4 14. O-O-O fxe3 15. Qxe3 Qc7 16. g3 e5 17. Nb3 Bb7 18. Rhe1 Nc6 19. Qc5 Rac8 20. Ne4 Nd4 21. Qxc7 Rxc7 22. Bd3 Nf3 23. Re2 Nxh2 24. Nbc5 Bxe4 25. Nxe4 Nf3 26. c3 Nd4 27. Ree1 Ne6 28. Kb1 Nc5 29. Nxc5 Rxc5 30. Re2 Kh8 31. Be4 Rcc8 32. Kc2 Rcd8 33. b4 0-1